000 00437nam a2200181Ia 4500
001 13556
005 20260306164809.0
008 260306t2011||||xx |||||||||||||| ||spa||
041 _aESP
082 _a004.6
_bW56
100 _aWilamowski, Bogdan M.
_eAUT
245 0 _aIndustrial communications systems
260 _c2011
300 _axxxviii, 1, - 68-12
_c26 cm.
650 _aGEN
654 _aCCC
942 _cLIB
_dJUS
_fJUS
_2ddc
_n
999 _c13556
_d13556